• 首页
  • 本馆介绍
  • 公告通知
  • 最新文献
  • 馆藏检索
  • 电子资源
  • 读者导购
  • 参考咨询
  • 我的图书馆
  • 登录
  • 详细信息显示
  • 放入我的书架
  • 预约/预借图书
  • 作者相关作品
  • 分类相关作品
  • 丛书相关作品
  • 出版社相关作品

书目信息

  • 表格格式
  • 工作单格式
  • 卡片格式
题名:
理性、社会神话和民主
    
 
作者: 胡克 著 ;金克 , 徐崇温 译
分册:  
出版信息: 上海   上海人民出版社  2006
页数: 262页
开本: 23cm
丛书名: 世纪人文系列丛书
单 册:
中图分类: B087 , B087
科图分类:
主题词: 实用主义 , 实用主义--研究 , 哲学学派 , 哲学学派--研究
电子资源:
ISBN: 7-208-06307-9
000 01372oam2 2200385 450
001 1264637563
005 20120929181335.78
010    @a7-208-06307-9@dCNY25.00
100    @a20060104d2006 em y0chiy50 ea
101 1  @achi@ceng
102    @aCN@b310000
105    @ay z 000yy
106    @ar
200 1  @a理性、社会神话和民主@f(美)悉尼·胡克(Sidney Hook)著@g金克,徐崇温译@Ali xing 、 she hui shen hua he min zhu
210    @a上海@c上海人民出版社@d2006
215    @a262页@d23cm
225 2  @a世纪人文系列丛书@i世纪文库
305    @a据纽约人文出版社1950年版译出
308    @a丛书第一辑
312    @a英文原名:Reason, social myths and democracy
330    @a本书分为12章,内容包括了信仰方式上的冲突,知识和利益,资本主义的民间传说,完整的人道主义,辩证法与自然,科学和新蒙昧主义等。
462  0 @1001002954936
500 10 @a理性、社会神话和民主@Ali xing 、 she hui shen hua he min zhu
510 1  @aReason, social myths and democracy@zeng
606 0  @a实用主义
606 0  @a实用主义@x研究
606 0  @a哲学学派
606 0  @a哲学学派@x研究
690    @aB087@v4
690    @aB087@v4
701  0 @c(美)@a胡克@c(Hook, Sidney@f1902~1989)@4著@Ahu ke
702  0 @a金克@4译@Ajin ke
702  0 @a徐崇温@f(1930~)@4译@Axu chong wen
801  0 @aCN@b大连网信软件有限公司图书馆·11@c20120929
905    @a10447@dB087@eJY87
    
    理性、社会神话和民主/(美)悉尼·胡克(Sidney Hook)著/金克,徐崇温译.-上海:上海人民出版社,2006
    262页;23cm .-(世纪人文系列丛书.世纪文库 )
    
    
    ISBN 7-208-06307-9:CNY25.00
    本书分为12章,内容包括了信仰方式上的冲突,知识和利益,资本主义的民间传说,完整的人道主义,辩证法与自然,科学和新蒙昧主义等。
●
相关链接 在E读中查询图书 在五车中查询图书 在当当中查询图书 在豆瓣中查询图书


正题名:理性、社会神话和民主     索取号:B087/JY87         预约/预借

序号 登录号 条形码 馆藏地/架位号 状态 备注
1 7809650   278096506   学院路分馆/ [索取号:B087/JY87] 在馆    
2 7809651   278096515   学院路分馆/ [索取号:B087/JY87] 在馆    
唐山师范学院图书馆 欢迎您!
大连网信软件有限公司© 版权所有